| 000 | 00595nam a2200121Ia 4500 | ||
|---|---|---|---|
| 008 | 220615s9999||||xx |||||||||||||| ||und|| | ||
| 100 | _aÖ||elikbı||Bekir Salih||ak||ç||mü||r Ç | ||
| 245 | 0 | _aGas Chromatography in Plant Science, Wine Technology, Toxicology and Some Specific Applications | |
| 546 | _aEnglish[eng] | ||
| 650 | _aPhysical Sciences||Engineering and Technology||Chemistry||Analytical Chemistry||Spectrometry | ||
| 856 | _uhttps://www.intechopen.com/books/gas-chromatography-in-plant-science-wine-technology-toxicology-and-some-specific-applications | ||
| 942 | _cEB | ||
| 999 |
_c10870 _d10870 |
||